[Event "22.Deutsche Senioreneinzelmeisterschaft"]
[Site "Berlin-Spandau"]
[Date "2010.08.16"]
[Round "1.79"]
[White "Swoboda, Peter"]
[Black "Roggenbach, Ottomar"]
[Result "1/2-1/2"]
[WhiteElo "1946"]
[BlackElo "1617"]
[EventDate "2010.08.??"]
[PlyCount "97"]
[EventType "swiss"]
[EventRounds "9"]
[EventCountry "GER"]

1.d4 Nf6 2.c4 e5 3.dxe5 Ng4 4.Nf3 Nc6 5.Bd2 Ngxe5 6.Nxe5 Nxe5 7.e3 b6 8.
Bc3 Nc6 9.Bd3 Bb7 10.Nd2 Qg5 11.O-O Bb4 12.Nf3 Qh6 13.Qc2 Bxc3 14.Qxc3 O-O
15.Rad1 d6 16.Be4 g6 17.Rd2 Rab8 18.Rfd1 Qg7 19.Qc1 Na5 20.Bd5 Nc6 21.a3 
Ne7 22.Bxb7 Rxb7 23.Nd4 a6 24.b4 Rbb8 25.c5 dxc5 26.bxc5 b5 27.c6 Qf6 28.
Qc5 Rb6 29.Rc1 Rd8 30.Rdc2 Rd5 31.Qc3 Qd6 32.Qb4 Qxb4 33.axb4 f5 34.f4 Kf7
35.Kf2 Kf6 36.Rc5 Rxc5 37.Rxc5 h5 38.g3 Kf7 39.Kf3 Kf6 40.e4 Rb8 41.h3 Rd8
42.Ke3 Re8 43.Re5 fxe4 44.Kxe4 Rd8 45.g4 hxg4 46.hxg4 Rxd4+ 47.Kxd4 Nxc6+ 
48.Kd5 Nxe5 49.fxe5+ 1/2-1/2

[Event "22.Deutsche Senioreneinzelmeisterschaft"]
[Site "Berlin-Spandau"]
[Date "2010.08.16"]
[Round "1.80"]
[White "Mohr, Horst"]
[Black "Glatthor, Thomas"]
[Result "1-0"]
[WhiteElo "1616"]
[BlackElo "1942"]
[EventDate "2010.08.??"]
[PlyCount "74"]
[EventType "swiss"]
[EventRounds "9"]
[EventCountry "GER"]

1.d4 Nf6 2.Nf3 g6 3.c4 d6 4.Bg5 Bg7 5.Nc3 Bf5 6.e3 Ne4 7.Bh4 c5 8.Bd3 Nxc3
9.bxc3 Bxd3 10.Qxd3 O-O 11.O-O Qc7 12.Rab1 b6 13.Qe4 Nc6 14.Rbc1 Rae8 15.
Bg3 e5 16.d5 f5 17.Qc2 Na5 18.Ng5 Qe7 19.Ne6 Rf7 20.h4 Bf6 21.Rcd1 Bxh4 
22.Bh2 h5 23.Qe2 Bf6 24.f3 Qd7 25.g4 f4 26.gxh5 gxh5 27.exf4 exf4 28.Kh1 
Bxc3 29.Rg1+ Kh8 30.Rg6 Rh7 31.Rdg1 Be5 32.Qg2 Qf7 33.Nxf4 Nxc4 34.Ne6 
Bxh2 35.Kxh2 Ne5 36.Rg3 h4 37.Rg5 Nxf3+ {Zue} 1-0

[Event "22.Deutsche Senioreneinzelmeisterschaft"]
[Site "Berlin-Spandau"]
[Date "2010.08.16"]
[Round "1.81"]
[White "Petzold, Hilmar"]
[Black "Janzen, Christian"]
[Result "1-0"]
[WhiteElo "1940"]
[BlackElo "1616"]
[EventDate "2010.08.??"]
[PlyCount "49"]
[EventType "swiss"]
[EventRounds "9"]
[EventCountry "GER"]

1.e4 e5 2.Nf3 Nc6 3.Bb5 d6 4.O-O Bd7 5.c3 Nf6 6.Re1 Be7 7.d4 a6 8.Ba4 O-O 
9.Nbd2 Nb8 10.Bb3 exd4 11.cxd4 Qc8 12.Nf1 Bg4 13.h3 Bh5 14.Ng3 Bg6 15.Bg5 
Kh8 16.e5 dxe5 17.dxe5 Ng8 18.Rc1 c6 19.Bxe7 Nxe7 20.Qd6 Nf5 21.Nxf5 Bxf5 
22.Ng5 Qe8 23.e6 fxe6 24.Nxe6 Bxe6 25.Rxe6 1-0

[Event "22.Deutsche Senioreneinzelmeisterschaft"]
[Site "Berlin-Spandau"]
[Date "2010.08.16"]
[Round "1.82"]
[White "Minte, Horst"]
[Black "Bomert, Egon"]
[Result "1/2-1/2"]
[WhiteElo "1613"]
[BlackElo "1935"]
[EventDate "2010.08.??"]
[PlyCount "25"]
[EventType "swiss"]
[EventRounds "9"]
[EventCountry "GER"]

1.e4 c5 2.c3 d5 3.exd5 Qxd5 4.d4 Nf6 5.Nf3 Bg4 6.Be2 Nc6 7.c4 Qh5 8.d5 
O-O-O 9.Qa4 Bxf3 10.Bxf3 Qe5+ 11.Be3 Nd4 12.Na3 a6 13.O-O-O {R 1.00/0.46} 
1/2-1/2

[Event "22.Deutsche Senioreneinzelmeisterschaft"]
[Site "Berlin-Spandau"]
[Date "2010.08.16"]
[Round "1.83"]
[White "Rodemann, Edmund"]
[Black "Schneider, Siegfried"]
[Result "1/2-1/2"]
[WhiteElo "1931"]
[BlackElo "1611"]
[EventDate "2010.08.??"]
[PlyCount "59"]
[EventType "swiss"]
[EventRounds "9"]
[EventCountry "GER"]

1.e4 e5 2.Bc4 d6 3.d3 Be7 4.Nc3 Nf6 5.f4 exf4 6.Bxf4 O-O 7.Nf3 a6 8.a3 c6 
9.Bb3 Be6 10.Bxe6 fxe6 11.Qd2 e5 12.Bg5 Nbd7 13.O-O Nc5 14.Kh1 Ne6 15.Be3 
Qc7 16.d4 exd4 17.Bxd4 c5 18.Bg1 Qd7 19.Rad1 Nc7 20.e5 Nfe8 21.Bxc5 d5 22.
Bxe7 Qxe7 23.Nxd5 Qe6 24.Nxc7 Nxc7 25.Qd6 Qc4 26.b3 Qc3 27.Qd3 Qa5 28.Qc4+
Kh8 29.h4 b5 30.Qc6 {Rest unleserlich} 1/2-1/2

[Event "22.Deutsche Senioreneinzelmeisterschaft"]
[Site "Berlin-Spandau"]
[Date "2010.08.16"]
[Round "1.84"]
[White "Krusemark, Gerhard"]
[Black "Hohn, August"]
[Result "0-1"]
[WhiteElo "1611"]
[BlackElo "1930"]
[EventDate "2010.08.??"]
[PlyCount "86"]
[EventType "swiss"]
[EventRounds "9"]
[EventCountry "GER"]

1.e4 c6 2.d4 d5 3.f3 e6 4.Bd3 dxe4 5.Bxe4 Nf6 6.Bg5 Nbd7 7.Ne2 Qb6 8.Qc1 
Be7 9.Nd2 O-O 10.O-O Qb5 11.Bxf6 Bxf6 12.c4 Qb6 13.Nb3 c5 14.d5 exd5 15.
Bxd5 Qc7 16.Qc2 Re8 17.Rfe1 Nf8 18.Ng3 Rxe1+ 19.Rxe1 Bh4 20.Qf2 Ne6 21.
Bxe6 Bxe6 22.Qxc5 Bxg3 23.hxg3 Qxc5+ 24.Nxc5 Bxc4 25.b3 Bd5 26.Re2 Rb8 27.
Kf2 Kf8 28.Re5 Rd8 29.Ke3 Rd6 30.Ne4 Rd8 31.Nc3 Bc6 32.a3 a6 33.b4 f6 34.
Rh5 h6 35.Rh4 Kf7 36.Rd4 Re8+ 37.Kd2 Re5 38.Rd8 Rg5 39.g4 h5 40.Rd4 hxg4 
41.f4 Rh5 42.g3 Rh2+ 43.Ne2 Bf3 0-1

[Event "22.Deutsche Senioreneinzelmeisterschaft"]
[Site "Berlin-Spandau"]
[Date "2010.08.16"]
[Round "1.85"]
[White "Felser, Franz"]
[Black "Hesselbarth, Karlheinz"]
[Result "0-1"]
[WhiteElo "1926"]
[BlackElo "1606"]
[EventDate "2010.08.??"]
[PlyCount "62"]
[EventType "swiss"]
[EventRounds "9"]
[EventCountry "GER"]

1.e4 e5 2.Nf3 Nc6 3.Bb5 a6 4.Ba4 d6 5.d4 b5 6.Bb3 Nxd4 7.Nxd4 exd4 8.Bd5 
Rb8 9.Qxd4 Bd7 10.Qe3 Nf6 11.Bb3 Be7 12.O-O O-O 13.f4 c5 14.c3 Re8 15.Nd2 
Qc7 16.Nf3 Bf8 17.Ng5 c4 18.Bc2 d5 19.Kh1 dxe4 20.Bd2 Bc5 21.Qg3 e3 22.Be1
e2 23.Rf3 h6 24.Nxf7 Kxf7 25.Bg6+ Kg8 26.Bxe8 Rxe8 27.Qg6 Re3 28.Bd2 Rxf3 
29.gxf3 Qd6 30.Qc2 Qd5 31.Kg2 Qh5 0-1

[Event "22.Deutsche Senioreneinzelmeisterschaft"]
[Site "Berlin-Spandau"]
[Date "2010.08.16"]
[Round "1.86"]
[White "Jacob, Barbara"]
[Black "Schumacher, Helmut"]
[Result "1/2-1/2"]
[WhiteElo "1605"]
[BlackElo "1921"]
[EventDate "2010.08.??"]
[PlyCount "58"]
[EventType "swiss"]
[EventRounds "9"]
[EventCountry "GER"]

1.e4 e6 2.Nf3 d5 3.Nc3 Nf6 4.e5 Nfd7 5.d4 b6 6.Bd3 Ba6 7.O-O Bxd3 8.Qxd3 
Be7 9.Bf4 O-O 10.a4 a6 11.Rfd1 c5 12.Ne2 Nc6 13.c3 Kh8 14.Qe3 Na5 15.dxc5 
Nc4 16.Qc1 Nxc5 17.Ned4 Rc8 18.b3 Na5 19.Rb1 Ne4 20.c4 b5 21.axb5 axb5 22.
Nxb5 Qb6 23.Be3 Qb7 24.Nd6 Nxd6 25.exd6 Bxd6 26.Qc3 Bb4 27.Qd3 dxc4 28.
bxc4 Qe7 29.Ne5 f6 1/2-1/2

[Event "22.Deutsche Senioreneinzelmeisterschaft"]
[Site "Berlin-Spandau"]
[Date "2010.08.16"]
[Round "1.87"]
[White "Tochtrop, Lothar"]
[Black "Reeh, Axel"]
[Result "1-0"]
[WhiteElo "1920"]
[BlackElo "1602"]
[EventDate "2010.08.??"]
[PlyCount "53"]
[EventType "swiss"]
[EventRounds "9"]
[EventCountry "GER"]

1.e4 c5 2.Nf3 d6 3.d4 cxd4 4.Nxd4 Nf6 5.Nc3 a6 6.Bc4 Bd7 7.Bb3 Nc6 8.Be3 
g6 9.f3 Bg7 10.Qd2 O-O 11.h4 h5 12.Nxc6 bxc6 13.Bh6 Qa5 14.O-O-O Rad8 15.
Kb1 Qc7 16.g4 Be6 17.Bxe6 fxe6 18.Qg5 Kh7 19.Bxg7 Kxg7 20.gxh5 Nxh5 21.
Rhg1 Rf6 22.Qxh5 Rh8 23.Qg4 Qa5 24.e5 Qxe5 25.Ne4 Rb8 26.c3 a5 27.Nxf6 1-0

[Event "22.Deutsche Senioreneinzelmeisterschaft"]
[Site "Berlin-Spandau"]
[Date "2010.08.16"]
[Round "1.88"]
[White "Kienel, Norbert"]
[Black "Schlag, Franz"]
[Result "0-1"]
[WhiteElo "1596"]
[BlackElo "1919"]
[EventDate "2010.08.??"]
[PlyCount "48"]
[EventType "swiss"]
[EventRounds "9"]
[EventCountry "GER"]

1.d4 Nf6 2.c4 e5 3.dxe5 Ng4 4.Nf3 Bc5 5.e3 Nc6 6.Be2 O-O 7.O-O Ngxe5 8.
Nxe5 Nxe5 9.Nc3 a6 10.b3 d6 11.Bb2 f5 12.Na4 Ba7 13.Qd5+ Nf7 14.Rfd1 c6 
15.Qd2 Be6 16.Qc3 Qg5 17.Qc2 Rad8 18.Kh1 Qh6 19.Ba3 f4 20.exf4 Bxf2 21.f5 
Bg3 22.h3 Ng5 23.Bc1 Bxf5 24.Qd2 Bxh3 0-1

[Event "22.Deutsche Senioreneinzelmeisterschaft"]
[Site "Berlin-Spandau"]
[Date "2010.08.16"]
[Round "1.89"]
[White "Beran, Rolf-Dietrich"]
[Black "Lichtblau, Ernst"]
[Result "1-0"]
[WhiteElo "1913"]
[BlackElo "1595"]
[EventDate "2010.08.??"]
[PlyCount "113"]
[EventType "swiss"]
[EventRounds "9"]
[EventCountry "GER"]

1.c4 e5 2.g3 c6 3.Bg2 Bc5 4.Nc3 f5 5.e3 Qe7 6.a3 a5 7.Nge2 Bb6 8.O-O Nf6 
9.Rb1 Na6 10.d4 e4 11.h4 O-O 12.Nf4 Bc7 13.Qe2 Bxf4 14.exf4 d5 15.c5 Be6 
16.Na4 Nd7 17.Bd2 Nc7 18.Rfd1 Nb5 19.Be3 Qd8 20.Qc2 {R} 20...Bf7 21.Nc3 
Bh5 22.Rdc1 Nf6 23.Nxb5 cxb5 24.b4 a4 25.Kf1 Ng4 26.Ke1 Rc8 27.Kd2 Nxe3 
28.Kxe3 Be8 29.Bf1 Qf6 30.Be2 Qc6 31.h5 Rf6 32.Rh1 Rh6 33.Rh4 Bd7 34.Rg1 
Re8 35.Qd1 Kh8 36.Qf1 Rg8 37.Qh3 Qf6 38.Qf1 Qc6 39.Qh3 Qf6 40.Qh2 g6 {R} 
41.hxg6 Rgxg6 42.Rh1 Rxh4 43.Qxh4 Qxh4 44.Rxh4 Kg7 45.Bf1 Rh6 46.Rxh6 Kxh6
47.f3 Kg6 48.fxe4 fxe4 49.g4 Bxg4 50.Bxb5 Bd1 51.c6 bxc6 52.Bxc6 Bb3 53.b5
Bc4 54.b6 Ba6 55.Bxd5 h5 56.Bxe4+ Kf6 57.b7 1-0

[Event "22.Deutsche Senioreneinzelmeisterschaft"]
[Site "Berlin-Spandau"]
[Date "2010.08.16"]
[Round "1.90"]
[White "Zanger, Konrad"]
[Black "Krotofil, Kurt"]
[Result "0-1"]
[WhiteElo "1591"]
[BlackElo "1909"]
[EventDate "2010.08.??"]
[PlyCount "62"]
[EventType "swiss"]
[EventRounds "9"]
[EventCountry "GER"]

1.d4 d5 2.Nf3 Nf6 3.e3 e6 4.Bd3 c5 5.c4 Nc6 6.cxd5 Nxd5 7.dxc5 Bxc5 8.a3 
Be7 9.O-O O-O 10.Bd2 Bf6 11.Qc2 g6 12.Nc3 Ncb4 13.axb4 Nxb4 14.Qb3 Nxd3 
15.Rfd1 Nc5 16.Qb5 Qc7 17.Ne2 Bd7 18.Qc4 Rfc8 19.Bc3 b5 20.Qf4 Qxf4 21.
Nxf4 Bxc3 22.bxc3 Be8 23.Ne5 Ne4 24.Ne2 Nxc3 25.Nxc3 Rxc3 26.h3 a5 27.Nd7 
Bxd7 28.Rxd7 a4 29.Rb7 Rb3 30.Rd1 a3 31.Rdd7 a2 0-1

[Event "22.Deutsche Senioreneinzelmeisterschaft"]
[Site "Berlin-Spandau"]
[Date "2010.08.16"]
[Round "1.91"]
[White "Kaufmann, Hans"]
[Black "Muehlhan, Klaus"]
[Result "0-1"]
[WhiteElo "1394"]
[BlackElo "1826"]
[EventDate "2010.08.??"]
[PlyCount "126"]
[EventType "swiss"]
[EventRounds "9"]
[EventCountry "GER"]

1.e4 c5 2.Nf3 e6 3.d4 cxd4 4.Nxd4 a6 5.Nc3 d6 6.Be2 b6 7.a3 Bb7 8.O-O Nd7 
9.Be3 Ngf6 10.f3 Be7 11.Qd2 O-O 12.Rad1 Qc7 13.Bf2 Rfd8 14.Bg3 Rac8 15.Bd3
Ne5 16.f4 Nxd3 17.cxd3 e5 18.Nf5 Bf8 19.fxe5 dxe5 20.Qg5 Kh8 21.Bh4 h6 22.
Nxh6 gxh6 23.Qxf6+ Bg7 24.Qxf7 Qc5+ 25.Qf2 Rd4 26.Kh1 Qd6 27.Bf6 Rc7 28.
Bxg7+ Rxg7 29.Qf8+ Rg8 30.Qxd6 Rxd6 31.Rf7 Bc8 32.h3 Be6 33.Rf6 Kg7 34.Rf3
Rgd8 35.Ne2 Bb3 36.Rd2 Rc6 37.Nc3 b5 38.Rdf2 Rcd6 39.Rg3+ Kh7 40.Rd2 Rb8 
41.Ne2 b4 42.axb4 Rxb4 43.Ng1 Bc4 44.Nf3 Rxd3 45.Rxd3 Bxd3 46.Nxe5 Bxe4 
47.b3 Bd5 48.Ng4 Rb6 49.Re3 Bxb3 50.Nf6+ Kg6 51.Nd7 Rb5 52.Rc3 a5 53.Rc5 
Rxc5 54.Nxc5 a4 55.Kg1 Bc2 56.Nxa4 Bxa4 57.Kf2 Kg5 58.g3 Bc6 59.Ke3 Bg2 
60.h4+ Kg4 61.Kf2 Bc6 62.Kg1 Kxg3 63.h5 Bf3 0-1

[Event "22.Deutsche Senioreneinzelmeisterschaft"]
[Site "Berlin-Spandau"]
[Date "2010.08.16"]
[Round "1.92"]
[White "Minz, Michail"]
[Black "Thonig, Manfred"]
[Result "1-0"]
[WhiteElo "1908"]
[BlackElo "1588"]
[EventDate "2010.08.??"]
[PlyCount "53"]
[EventType "swiss"]
[EventRounds "9"]
[EventCountry "GER"]

1.e4 e5 2.Nc3 Nf6 3.g3 d6 4.Bg2 g6 5.Nge2 Bg7 6.O-O O-O 7.d4 Re8 8.d5 b6 
9.h3 h6 10.Be3 Bb7 11.Qd2 Kh7 12.f4 exf4 13.Rxf4 Nbd7 14.Raf1 Nc5 15.Bd4 
Ncd7 16.g4 g5 17.R4f2 Ba6 18.a4 Ne5 19.Nb5 Nc4 20.Qc3 Ne5 21.Ng3 Qd7 22.
Rxf6 Bxf6 23.Rxf6 Bxb5 24.axb5 a6 25.Nf5 Ng6 26.h4 gxh4 27.Qd2 1-0

[Event "22.Deutsche Senioreneinzelmeisterschaft"]
[Site "Berlin-Spandau"]
[Date "2010.08.16"]
[Round "1.93"]
[White "Pfueller, Volker"]
[Black "Petkov, Peter"]
[Result "0-1"]
[WhiteElo "1585"]
[BlackElo "1907"]
[EventDate "2010.08.??"]
[PlyCount "101"]
[EventType "swiss"]
[EventRounds "9"]
[EventCountry "GER"]

1.b4 e5 2.Bb2 d6 3.c4 Nf6 4.Nf3 Bg4 5.e3 e4 6.Qc2 exf3 7.Bxf6 Qxf6 8.Qe4+ 
Be7 9.Nc3 fxg2 10.Bxg2 Bc8 11.O-O c6 12.d4 Bf5 13.Qf4 Bd3 14.Qxf6 Bxf6 15.
Rfc1 Bxc4 16.Ne4 d5 17.Nd6+ Ke7 18.Nxc4 dxc4 19.Rxc4 Nd7 20.Rac1 Nb6 21.
R4c2 a6 22.d5 Be5 23.dxc6 bxc6 24.Rc5 Bd6 25.Rxc6 Rhc8 26.a3 Rxc6 27.Rxc6 
Rb8 28.h3 Be5 29.Bf1 Kd7 30.Rc2 Ra8 31.Be2 Ra7 32.Kg2 Kd6 33.Bf3 Rc7 34.
Rd2+ Ke7 35.Be2 Nc4 36.Bxc4 Rxc4 37.Rd5 Bb2 38.Ra5 Rc6 39.a4 Bc3 40.Rg5 
Rg6 41.Rxg6 hxg6 42.b5 axb5 43.Kf3 Kd6 44.Ke4 Kc5 45.Kd3 Be5 46.f4 Bc7 47.
Kc3 f5 48.Kb3 Bb6 49.Kc3 Kd5 50.Kd3 Ba7 51.Ke2 0-1

[Event "22.Deutsche Senioreneinzelmeisterschaft"]
[Site "Berlin-Spandau"]
[Date "2010.08.16"]
[Round "1.94"]
[White "Johannsen, Ingbert"]
[Black "Schwichtenberg, Juergen"]
[Result "1-0"]
[WhiteElo "1907"]
[BlackElo "1584"]
[EventDate "2010.08.??"]
[PlyCount "47"]
[EventType "swiss"]
[EventRounds "9"]
[EventCountry "GER"]

1.e4 d5 2.exd5 Nf6 3.Nf3 Nxd5 4.d4 Bg4 5.Be2 e6 6.O-O Be7 7.c4 Nf6 8.Nc3 
c6 9.Be3 O-O 10.Ne5 Bxe2 11.Qxe2 Nbd7 12.Rad1 Qa5 13.f4 Bb4 14.Rd3 a6 15.
a3 Bxc3 16.Rxc3 g6 17.Bf2 Rac8 18.Bh4 Qb6 19.Rd1 a5 20.b3 Qc7 21.Rg3 Rfe8 
22.Bg5 Nh5 23.Qxh5 gxh5 24.Bh6+ 1-0

[Event "22.Deutsche Senioreneinzelmeisterschaft"]
[Site "Berlin-Spandau"]
[Date "2010.08.16"]
[Round "1.95"]
[White "Dymek, Hans-Peter"]
[Black "Roedel, Egmar"]
[Result "0-1"]
[WhiteElo "1582"]
[BlackElo "1906"]
[EventDate "2010.08.??"]
[PlyCount "52"]
[EventType "swiss"]
[EventRounds "9"]
[EventCountry "GER"]

1.d4 d5 2.Nf3 Nc6 3.e3 Bg4 4.Be2 Nf6 5.O-O e6 6.g3 Bd6 7.h3 Bh5 8.c4 dxc4 
9.Bxc4 O-O 10.Nc3 a6 11.Bd3 e5 12.Ne4 exd4 13.g4 Bg6 14.Nxf6+ Qxf6 15.Bxg6
hxg6 16.exd4 Bf4 17.Bxf4 Qxf4 18.d5 Rad8 19.Qd3 Ne7 20.Nh4 Rxd5 21.Qc3 Rb5
22.Qc2 c6 23.Rfe1 Qf6 24.Rxe7 Qxe7 25.Ng2 Qf6 26.b4 Qxa1+ 0-1

[Event "22.Deutsche Senioreneinzelmeisterschaft"]
[Site "Berlin-Spandau"]
[Date "2010.08.16"]
[Round "1.96"]
[White "Rychlik, Kurt"]
[Black "Olschewsky, Roman"]
[Result "1-0"]
[WhiteElo "1905"]
[BlackElo "1579"]
[EventDate "2010.08.??"]
[PlyCount "67"]
[EventType "swiss"]
[EventRounds "9"]
[EventCountry "GER"]

1.e4 d6 2.d4 g6 3.Be3 Bg7 4.Nd2 Nf6 5.f3 b6 6.Bc4 e6 7.Qe2 a6 8.a4 a5 9.
Nh3 Ba6 10.Nf2 Nfd7 11.O-O c5 12.c3 O-O 13.Rad1 Qe7 14.f4 e5 15.fxe5 cxd4 
16.cxd4 dxe5 17.d5 Qb4 18.Bxa6 Nxa6 19.b3 Nac5 20.Nd3 Nxd3 21.Qxd3 Rac8 
22.Rc1 Rxc1 23.Rxc1 Rb8 24.Rc7 Nf6 25.d6 Ng4 26.d7 Qf8 27.Bxb6 Bh6 28.h3 
Rxb6 29.Rc8 Be3+ 30.Kf1 Rf6+ 31.Nf3 Nh2+ 32.Ke2 Nxf3 33.Rxf8+ Kxf8 34.
d8=Q+ 1-0

[Event "22.Deutsche Senioreneinzelmeisterschaft"]
[Site "Berlin-Spandau"]
[Date "2010.08.16"]
[Round "1.97"]
[White "Aufmwasser, Guenter"]
[Black "Schwertel, Johann"]
[Result "0-1"]
[WhiteElo "1578"]
[BlackElo "1903"]
[EventDate "2010.08.??"]
[PlyCount "82"]
[EventType "swiss"]
[EventRounds "9"]
[EventCountry "GER"]

1.f4 d5 2.Nf3 Nf6 3.e3 c5 4.b3 Nc6 5.Bb5 Qb6 6.a4 a6 7.Bxc6+ Qxc6 8.O-O b6
9.Bb2 Bb7 10.Ne5 Qc7 11.d3 g6 12.Nd2 Bg7 13.Qe1 O-O 14.Rc1 Rad8 15.Ba1 b5 
16.Ndf3 Ne8 17.a5 Nd6 18.Ng4 h5 19.Bxg7 Kxg7 20.Nf2 Nf5 21.Ng5 d4 22.exd4 
Nxd4 23.Qe5+ Qxe5 24.fxe5 Ne2+ 25.Kh1 Nxc1 26.Rxc1 Rd4 27.Nfe4 c4 28.Nc5 
Bxg2+ 29.Kxg2 Rg4+ 30.Kh3 Rxg5 31.bxc4 Rxe5 32.Nxa6 bxc4 33.dxc4 Rxa5 34.
Nb4 Rc5 35.Re1 Rxc4 36.Nd5 Rxc2 37.Rxe7 Rc5 38.Nf4 Kg8 39.Kg3 Rb8 40.Re3 
Rb4 41.h4 Rf5 0-1

[Event "22.Deutsche Senioreneinzelmeisterschaft"]
[Site "Berlin-Spandau"]
[Date "2010.08.16"]
[Round "1.98"]
[White "Meiwald, Gerhard"]
[Black "Hoose, Hannelore"]
[Result "1-0"]
[WhiteElo "1901"]
[BlackElo "1576"]
[EventDate "2010.08.??"]
[PlyCount "149"]
[EventType "swiss"]
[EventRounds "9"]
[EventCountry "GER"]

1.d4 d5 2.Nf3 c6 3.c3 Nf6 4.Bf4 Nbd7 5.e3 h6 6.Bd3 Ne4 7.Nbd2 Ndf6 8.Ne5 
Nxd2 9.Qxd2 Nh5 10.e4 Be6 11.Be3 dxe4 12.Bxe4 Nf6 13.f3 Bd5 14.Qc2 Bxe4 
15.fxe4 e6 16.O-O Be7 17.Qb3 Qb6 18.Qxb6 axb6 19.Nxf7 Kxf7 20.e5 b5 21.
exf6 Bxf6 22.a3 Rhd8 23.Rae1 Rd5 24.Bf4 Re8 25.Be5 Kg6 26.Bxf6 gxf6 27.Rf2
Rf5 28.Rfe2 Kf7 29.g3 h5 30.Re4 Re7 31.Kg2 e5 32.dxe5 fxe5 33.Rf1 Kf6 34.
Rd1 Kg5 35.Rd6 Rf6 36.Rd2 Rh6 37.h3 Rf6 38.Ree2 e4 39.Re3 Rf5 40.Rd4 Rfe5 
41.Kf2 Kf5 42.Re1 Rd5 43.Ke3 Rde5 44.Rf1+ Kg5 45.Rf4 Rd5 46.Rfxe4 Rdd7 47.
Rxd7 Rxd7 48.Re5+ Kg6 49.Ke2 Rf7 50.Re4 Kg5 51.Re3 Rd7 52.Rd3 Re7+ 53.Re3 
Rd7 54.Re5+ Kg6 55.g4 hxg4 56.hxg4 Rf7 57.Re8 Kg7 58.Ke3 Rd7 59.Re4 Rf7 
60.Rf4 Rd7 61.Rd4 Re7+ 62.Kd3 Kg6 63.Kc2 Kg5 64.Kb3 Re6 65.a4 bxa4+ 66.
Kxa4 Re5 67.Rb4 Re7 68.Ka5 c5 69.Rc4 Re2 70.Rxc5+ Kxg4 71.Rb5 Re7 72.Kb6 
Kf4 73.Ka7 Ke4 74.Rxb7 Re5 75.b4 1-0

[Event "22.Deutsche Senioreneinzelmeisterschaft"]
[Site "Berlin-Spandau"]
[Date "2010.08.16"]
[Round "1.100"]
[White "Mueller, Klaus"]
[Black "Polifka, Wilfried"]
[Result "1-0"]
[WhiteElo "1898"]
[BlackElo "1566"]
[EventDate "2010.08.??"]
[PlyCount "98"]
[EventType "swiss"]
[EventRounds "9"]
[EventCountry "GER"]

1.e4 b6 2.d4 e6 3.Nf3 Bb7 4.Bd3 Nf6 5.Qe2 Be7 6.O-O d6 7.Re1 Nbd7 8.Nbd2 
Rc8 9.c3 c5 10.Nf1 cxd4 11.cxd4 e5 12.Ng3 g6 13.h3 h5 14.Bg5 Nh7 15.Bxe7 
Qxe7 16.Rad1 h4 17.Nf1 Nhf6 18.d5 Nh5 19.Bb5 Nf4 20.Qd2 g5 21.Ne3 a6 22.
Nf5 Qf6 23.Bxd7+ Kxd7 24.Nh2 Rc5 25.Ng4 Qg6 26.Nfe3 Rhc8 27.Kh2 Kd8 28.Nf5
R8c7 29.Nge3 Bc8 30.Qb4 b5 31.a4 Bxf5 32.exf5 Qf6 33.Qa5 e4 34.Qxa6 Ke7 
35.axb5 Nd3 36.Rxd3 Qe5+ 37.Kg1 Rc1 38.Rdd1 Rxd1 39.Rxd1 Qxb2 40.Qb6 Qc3 
41.Qd4 Qb3 42.Qxe4+ Kd7 43.f6 Kc8 44.Qf5+ Kb7 45.b6 Rc3 46.Rb1 Qa2 47.Qd7+
Kb8 48.Qe8+ Rc8 49.Qe4 Kb7 1-0

[Event "22.Deutsche Senioreneinzelmeisterschaft"]
[Site "Berlin-Spandau"]
[Date "2010.08.16"]
[Round "1.101"]
[White "Gunkel, Wolfgang"]
[Black "Mann, Klaus-Dieter"]
[Result "0-1"]
[WhiteElo "1558"]
[BlackElo "1898"]
[EventDate "2010.08.??"]
[PlyCount "58"]
[EventType "swiss"]
[EventRounds "9"]
[EventCountry "GER"]

1.d4 Nf6 2.c4 g6 3.Nc3 Bg7 4.e4 d6 5.f3 O-O 6.Be3 Re8 7.Qd2 Nc6 8.Nge2 a6 
9.Nf4 e5 10.dxe5 Nxe5 11.Be2 Bd7 12.O-O h6 13.Nfd5 Nxd5 14.Nxd5 Kh7 15.
Rac1 f5 16.c5 dxc5 17.Rxc5 Nc6 18.Bf4 Bd4+ 19.Be3 Bxc5 20.Bxc5 Be6 21.Rd1 
Bxd5 22.exd5 Ne5 23.Be3 Nf7 24.Bc4 Qd6 25.Bb3 Re7 26.Qc3 b6 27.Rd4 Qf6 28.
Qc1 Rae8 29.Rd1 Rxe3 0-1

[Event "22.Deutsche Senioreneinzelmeisterschaft"]
[Site "Berlin-Spandau"]
[Date "2010.08.16"]
[Round "1.102"]
[White "Kollowa, Kurt"]
[Black "Gelzinnus, Siegfried"]
[Result "1-0"]
[WhiteElo "1894"]
[BlackElo "1557"]
[EventDate "2010.08.??"]
[PlyCount "51"]
[EventType "swiss"]
[EventRounds "9"]
[EventCountry "GER"]

1.d4 Nf6 2.c4 g6 3.Nc3 Bg7 4.e4 d6 5.f3 O-O 6.Be3 Bd7 7.Nge2 a6 8.g4 b5 9.
Ng3 b4 10.Nce2 a5 11.Qd2 Na6 12.h4 c5 13.d5 Kh8 14.h5 Rg8 15.hxg6 fxg6 16.
Nf4 Bf8 17.Qh2 Rg7 18.g5 Nh5 19.Ngxh5 gxh5 20.Qxh5 Be8 21.Qh6 Kg8 22.Ne6 
Rf7 23.Nxf8 Bd7 24.Nxh7 Rg7 25.g6 e5 26.Nf6+ 1-0

[Event "22.Deutsche Senioreneinzelmeisterschaft"]
[Site "Berlin-Spandau"]
[Date "2010.08.16"]
[Round "1.103"]
[White "Dittler, Volkfried"]
[Black "Schmidt, Manfred"]
[Result "0-1"]
[WhiteElo "1554"]
[BlackElo "1890"]
[EventDate "2010.08.??"]
[PlyCount "48"]
[EventType "swiss"]
[EventRounds "9"]
[EventCountry "GER"]

1.d4 d5 2.Nf3 Nf6 3.Bf4 e6 4.e3 Be7 5.Nbd2 O-O 6.Bd3 c5 7.dxc5 Bxc5 8.c3 
Nc6 9.Qc2 h6 10.h3 Bd6 11.Bxd6 Qxd6 12.O-O-O Bd7 13.Nd4 Rac8 14.Nxc6 Bxc6 
15.f3 Rfd8 16.Kb1 b5 17.Qb3 Nd7 18.Bxb5 Rb8 19.c4 a6 20.Bxc6 Rxb3 21.Bxd7 
Rxe3 22.Ba4 Re2 23.Rhg1 Qb4 24.Bb3 Rxd2 0-1

[Event "22.Deutsche Senioreneinzelmeisterschaft"]
[Site "Berlin-Spandau"]
[Date "2010.08.16"]
[Round "1.104"]
[White "Kaufmann, Helmut"]
[Black "Knaak, Hans"]
[Result "1-0"]
[WhiteElo "1889"]
[BlackElo "1549"]
[EventDate "2010.08.??"]
[PlyCount "77"]
[EventType "swiss"]
[EventRounds "9"]
[EventCountry "GER"]

1.d4 Nf6 2.Nd2 d6 3.e4 g6 4.Bc4 Bg7 5.Qe2 O-O 6.Ngf3 Bg4 7.h3 Bxf3 8.Nxf3 
e6 9.Bb3 a6 10.O-O c5 11.e5 dxe5 12.dxe5 Nd5 13.Rd1 Qc7 14.Bxd5 exd5 15.
Rxd5 Nd7 16.Bf4 Nb6 17.Rd2 Rad8 18.Rad1 Rxd2 19.Qxd2 Nc4 20.Qc3 b5 21.b3 
Nb6 22.Qd2 Qc6 23.Qd6 Qxd6 24.Rxd6 Rb8 25.Rc6 Nd5 26.Bd2 Re8 27.Rxc5 Ne7 
28.Ba5 h6 29.Bc7 g5 30.Bd6 Ng6 31.b4 Nf4 32.Kf1 Re6 33.Rc8+ Kh7 34.Nd4 
Rxd6 35.exd6 Bxd4 36.d7 Ne6 37.d8=Q Nxd8 38.Rxd8 Bc3 39.Ra8 1-0

[Event "22.Deutsche Senioreneinzelmeisterschaft"]
[Site "Berlin-Spandau"]
[Date "2010.08.16"]
[Round "1.105"]
[White "Aronov, Robert"]
[Black "Hoppensack, Manfred"]
[Result "0-1"]
[WhiteElo "1546"]
[BlackElo "1888"]
[EventDate "2010.08.??"]
[PlyCount "72"]
[EventType "swiss"]
[EventRounds "9"]
[EventCountry "GER"]

1.e4 e6 2.d4 d5 3.e5 c5 4.c3 Nc6 5.Nf3 Qb6 6.a3 Nge7 7.b4 cxd4 8.cxd4 Nf5 
9.Bb2 Bd7 10.Be2 Be7 11.O-O f6 12.Qd3 a6 13.Nbd2 fxe5 14.dxe5 O-O 15.Nb3 
Na7 16.Nbd4 Nxd4 17.Bxd4 Qd8 18.Rfc1 Nb5 19.Bc5 Bxc5 20.Rxc5 b6 21.Rc2 Be8
22.Nd4 Bg6 23.Qe3 Nxd4 24.Rc3 Nc2 25.Rxc2 Bxc2 26.Rc1 Ba4 27.h3 Rc8 28.Re1
Bb5 29.Bg4 Re8 30.f4 d4 31.Qd2 d3 32.Bd1 Qd4+ 33.Kh1 Qc3 34.Qe3 d2 35.Qxc3
Rxc3 36.Rg1 Rc1 0-1

[Event "22.Deutsche Senioreneinzelmeisterschaft"]
[Site "Berlin-Spandau"]
[Date "2010.08.16"]
[Round "1.106"]
[White "Schurig, Wilhelm"]
[Black "Tobi, Kurt"]
[Result "1-0"]
[WhiteElo "1887"]
[BlackElo "1543"]
[EventDate "2010.08.??"]
[PlyCount "32"]
[EventType "swiss"]
[EventRounds "9"]
[EventCountry "GER"]

1.Nf3 c5 2.g3 Nc6 3.Bg2 d5 4.d4 e6 5.O-O Nf6 6.c4 Be7 7.Nc3 O-O 8.cxd5 
exd5 9.dxc5 Bxc5 10.Bg5 Be6 11.Bxf6 Qxf6 12.Rc1 Rfd8 13.a3 Bf8 14.b4 a6 
15.Na4 Rab8 16.Nc5 Rd7 1-0

[Event "22.Deutsche Senioreneinzelmeisterschaft"]
[Site "Berlin-Spandau"]
[Date "2010.08.16"]
[Round "1.107"]
[White "Kunze, Manfred"]
[Black "Kornath, Heinrich"]
[Result "0-1"]
[WhiteElo "1540"]
[BlackElo "1881"]
[EventDate "2010.08.??"]
[PlyCount "76"]
[EventType "swiss"]
[EventRounds "9"]
[EventCountry "GER"]

1.c4 Nf6 2.Nc3 g6 3.Nf3 Bg7 4.g3 O-O 5.Bg2 c5 6.O-O Nc6 7.e3 d5 8.cxd5 
Nxd5 9.Nxd5 Qxd5 10.Ne1 Qd6 11.Nc2 Be6 12.Rb1 Bxa2 13.Ra1 Bc4 14.Re1 Bd3 
15.e4 a6 16.Na3 c4 17.Bf1 b5 18.Bxd3 cxd3 19.Qf3 Rfd8 20.Rb1 Ne5 21.Qg2 b4
22.f4 Qd4+ 23.Kh1 Ng4 24.Qf3 h5 25.h3 Nf6 26.e5 bxa3 27.exf6 Bxf6 28.Re4 
Qb6 29.Qe3 Qb3 30.Qc5 axb2 31.Bxb2 Bxb2 32.Rb4 Qc2 33.Qg1 Ba3 34.R4b3 Qc6+
35.Kh2 Bc5 36.Qc1 Qd5 37.Rc3 Bd4 38.Rxd3 Bg1+ 0-1